| 000 | 00337nam a22001337a 4500 | ||
|---|---|---|---|
| 040 | _cNUST | ||
| 082 | _a891.439,SHA | ||
| 100 |
_aShafak , Elif _99827 |
||
| 245 |
_aNamoos /ناموس (Urdu) / _cElif Shafak |
||
| 260 |
_aLahore _bJumhoori Pub _c2014 |
||
| 300 | _a359 p.; | ||
| 650 | _aUrdu Literature | ||
| 942 |
_2ddc _cBK _k891.439,SHA |
||
| 999 |
_c593617 _d593617 |
||